000 00646cam a2200229ua 4500
020 _a81 85618 16 x
_c325.00
041 _aeng
_h
082 _a005.133
_bPRE/NU
100 _aPress, William H .
245 _aNumerical recipes in C : the art of scientific computing /
_cWilliam H Press.
_hTextual Documents
250 _a2 /
_b.
260 _aCambridge :
_bCambridge University Press ,
_c1988.
300 _a994 ; .
365 _a325.00
504 _a
700 1 _aFlannery, Brian .
700 1 _aTeukolsky, Saul A .
700 1 _aVelterling, William T .
942 _cBK
999 _c9665
_d9665